| 000 | 01209nam a2200265 a 4500 | ||
|---|---|---|---|
| 001 | 000014202 | ||
| 003 | DO-SdBNP | ||
| 005 | 20250306141149.0 | ||
| 008 | 091207s1992 dr ad 001 0 spa d | ||
| 040 |
_aDO-SdBNP _bspa _cBNPHU |
||
| 049 | _aBNPD | ||
| 082 |
_a330.97293 _bU58a |
||
| 110 | 1 |
_aUniversidad Autónoma de Santo Domingo _bUnidad de Investigaciones Económicas. _bFacultad de Ciencias Económicas y Sociales. _bDepartamento de Economía _972951 |
|
| 245 | 1 | 0 |
_aAnálisis coyuntural de la economía dominicana : _bprimer informe cuatrimestral, período enero - abril 1992 / _cpresentación Edylberto Cabral Ramírez. |
| 246 | 1 | 3 | _aPrimer informe cuatrimestral sobre el comportamiento de la economía dominicana. |
| 260 |
_aSanto Domingo : _bUniversidad Autónoma de Santo Domingo, _c1992. |
||
| 300 |
_a44 p. : _bil., gráfcs. ; _c21 cm. |
||
| 490 | 1 |
_aUniversidad Autónoma de Santo Domingo _v687 |
|
| 590 | _aInventariado, 2018/VM | ||
| 651 | 4 |
_aRepública Dominicana _xCondiciones Económicas _9281 |
|
| 700 | 1 |
_aCabral Ramírez, Edylberto. _epresent. _919529 |
|
| 830 | 0 |
_aUniversidad Autónoma de Santo Domingo _v687 _917164 |
|
| 910 | _aValidado. Control de calidad EMS. | ||
| 942 |
_2ddc _cLF2 |
||
| 999 |
_c13803 _d13803 |
||